[Event "75th KSU"]
[Site "Copenhagen DEN"]
[Date "2002.02.17"]
[Round "9"]
[White "Mortensen,E"]
[Black "Hector,J"]
[Result "1-0"]
[WhiteElo "2441"]
[BlackElo "2507"]

1.e4 e5 2.Nf3 Nc6 3.Bb5 a6 4.Ba4 Nf6 5.O-O b5 6.Bb3 Bb7 7.d3 Bc5 8.Nc3 d6
9.a4 b4 10.Ne2 O-O 11.Ng3 Rb8 12.a5 Bc8 13.c3 Bg4 14.Bc4 Qc8 15.h3 Be6 16.Bxe6 fxe6
17.d4 Ba7 18.Qd3 bxc3 19.bxc3 exd4 20.cxd4 Rb5 21.Bd2 Nd7 22.Ne2 Nf6 23.Rfc1 Nb4
24.Bxb4 Rxb4 25.e5 dxe5 26.Nxe5 c5 27.Qc2 Rb5 28.Nd3 Nd7 29.Nc3 Rb8 30.Ne4 Qc6
31.Ndxc5 Nxc5 32.dxc5 Rb4 33.Re1 h6 34.Rad1 Bb8 35.Nd6 Rbf4 36.Re2 Qc7 37.Qc3 R4f5
38.Rc1 Rg5 39.g3 Qc6 40.Qc4 Kh8 41.Qxe6 Qf3 42.Qe4 Qa3 43.Qe3 Qxa5 44.Qe7 Bxd6
45.cxd6 Rg8 46.d7 Qf5 47.Qe8 Qd3 48.Re3 Qd2 49.Qxg8+ Kxg8 50.Rc8+ Kh7 51.d8=Q  1-0

[Event "III Millennium"]
[Site "Virginia Beach USA"]
[Date "2002.03.03"]
[Round "5"]
[White "Becerra Rivero,J"]
[Black "Kaufman,La"]
[Result "1-0"]
[WhiteElo "2569"]
[BlackElo "2400"]

1.e4 e5 2.Nf3 Nc6 3.Bb5 a6 4.Ba4 Nf6 5.O-O b5 6.Bb3 Bb7 7.d3 Bd6 8.a4 O-O
9.Bg5 h6 10.Bh4 Be7 11.axb5 axb5 12.Rxa8 Bxa8 13.Nc3 b4 14.Bxf6 Bxf6 15.Nd5 Na5
16.c3 bxc3 17.bxc3 Nxb3 18.Qxb3 d6 19.Rb1 Bxd5 20.Qxd5 Qa8 21.Qc4 Rb8 22.Rxb8+ Qxb8
23.g3 g6 24.Kg2 Qb7 25.h4 h5 26.Nd2 Bg7 27.Qa2 Bh6 28.Nc4 Kg7 29.Qa5 f5 30.Qa4 Qc8
31.Qc6 Qd8 32.Na3 f4 33.Nb5 fxg3 34.fxg3 Kh8 35.Qxc7 Qxc7 36.Nxc7 Kg8 37.g4 hxg4
38.Kg3 Kf7 39.Kxg4 Bd2 40.Nb5 Ke6 41.Nc7+ Kd7 42.Nd5 Ke6 43.h5 gxh5+ 44.Kxh5 Be1
45.Kg6 Bd2 46.Kg7 Be1 47.Kf8 Kd7 48.Kf7 Bd2 49.c4 Bg5 50.Nf6+ Kc6 51.Ke6 Bc1
52.Nd7 Ba3 53.c5 dxc5 54.Nxe5+ Kc7 55.Nc4 Bb4 56.Kd5 Kd7 57.Nb2  1-0

[Event "Open"]
[Site "Reykjavik ISL"]
[Date "2002.03.09"]
[Round "3"]
[White "Lobron,E"]
[Black "Stefanova,A"]
[Result "1-0"]
[WhiteElo "2517"]
[BlackElo "2451"]

1.e4 e5 2.Nf3 Nc6 3.Bb5 a6 4.Ba4 Nf6 5.O-O b5 6.Bb3 Bb7 7.d3 Bc5 8.a4 h6
9.Nc3 b4 10.Nd5 d6 11.Be3 Nd4 12.Nxd4 exd4 13.Bd2 Nxd5 14.Bxd5 Bxd5 15.exd5 O-O
16.b3 Qd7 17.Qf3 a5 18.Rae1 Rae8 19.h4 Re5 20.Bf4 Re7 21.Rxe7 Qxe7 22.h5 Re8
23.Bd2 Qd7 24.Re1 Re5 25.Kf1 Qe8 26.Re2 Qa8 27.Bf4 Rxe2 28.Kxe2 Qc8 29.Bd2 f5
30.Kf1 Qd7 31.g3 Bb6 32.Kg2 Kh7 33.Kh3 Kh8 34.Kg2 Kh7 35.Bf4 Kh8 36.Kh3 Qf7
37.Bc1 Qd7 38.Bd2 Kh7 39.Kh2 Kh8 40.Be1 Qe8 41.Bd2 Qd7 42.Bf4 Qe7 43.Kh3 Qf7
44.g4 fxg4+ 45.Kxg4 Qd7+ 46.Kg3 Qf5 47.Bd2 Qe5+ 48.Kg4 Kg8 49.Bf4 Qe1 50.Kg3 Qb1
51.Kg2 Qxc2 52.Qe4 Qxb3 53.Bxh6 gxh6 54.Qe8+ Kg7 55.Qe7+ Kg8 56.Qe8+ Kg7
57.Qg6+ Kf8 58.Qxh6+ Ke7 59.Qg5+ Ke8 60.h6 Qxd3 61.Qg8+ Kd7 62.Qe6+ Kd8 63.Qg8+ Kd7
64.Qg7+ Kc8 65.h7 Qe4+ 66.Kg3 d3 67.h8=Q+ Kb7 68.Qgf8 Bxf2+ 69.Qxf2 Qxd5
70.Qf3  1-0

[Event "TCh-CZE 2001-2"]
[Site "CZE"]
[Date "2002.03.10"]
[Round "9"]
[White "Navara,D"]
[Black "Zvara,P"]
[Result "0-1"]
[WhiteElo "2531"]
[BlackElo "2351"]

1.e4 e5 2.Nf3 Nc6 3.Bb5 a6 4.Ba4 Nf6 5.O-O b5 6.Bb3 Bb7 7.d3 Bc5 8.Nc3 d6
9.a4 b4 10.Nd5 Na5 11.Nxf6+ Qxf6 12.Ba2 h6 13.c3 bxc3 14.bxc3 O-O 15.Re1 Bc8
16.d4 Bb6 17.h3 Be6 18.Qd3 Bxa2 19.Rxa2 Qe6 20.Rb2 Qc4 21.Qxc4 Nxc4 22.Rb4 Na5
23.Be3 Nc6 24.Rc4 Na5 25.Rb4 Nc6 26.Rb2 Ba5 27.Bd2 Rab8 28.Reb1 Rxb2 29.Rxb2 f5
30.exf5 Rxf5 31.Rc2 e4 32.Nh2 Rf8 33.f3 exf3 34.Nxf3 Rb8 35.d5 Ne7 36.c4 Rb1+
37.Kf2 Bb6+ 38.Ke2 Nf5 39.Kd3 Ra1 40.a5 Bxa5 41.Bxa5 Rxa5 42.Ke4 Ng3+ 43.Kf4 Nh5+
44.Kf5 Kf7 45.Nd4 Ra3 46.Ne6 g6+ 47.Kg4 a5 48.Nxc7 Nf6+ 49.Kf4 g5+ 50.Kf5 Re3  0-1

[Event "Open"]
[Site "Reykjavik ISL"]
[Date "2002.03.10"]
[Round "4"]
[White "Westerinen,H"]
[Black "Thorfinnsson,Bj"]
[Result "1/2-1/2"]
[WhiteElo "2412"]
[BlackElo "2279"]

1.e4 e5 2.Nf3 Nc6 3.Bb5 a6 4.Ba4 Nf6 5.O-O b5 6.Bb3 Bb7 7.Re1 Bc5 8.c3 d6
9.d3 h6 10.Nbd2 Ng4 11.Re2 Bb6 12.Nf1 Ne7 13.Ng3 g5 14.d4 Ng6 15.a4 c5 16.Bd5 Bxd5
17.exd5 cxd4 18.cxd4 O-O 19.h3 Nf6 20.Nf5 Kh7 21.dxe5 dxe5 22.d6 e4 23.Nh2 Qd7
24.Ng3 Rad8 25.b3 Rfe8 26.Bb2 Qxd6 27.Qxd6 Rxd6 28.Bxf6 Rxf6 29.Ng4 Rfe6
30.axb5 axb5 31.Rxe4 Rxe4 32.Nxe4 Kg7 33.Nd6 Re6 34.Nf5+ Kh7 35.Nfxh6 f6
36.Nf5 Nf4 37.Nge3 Kg6 38.Ra8 Bxe3 39.Nxe3 Ne2+ 40.Kf1 Nc1 41.b4 Nd3 42.g4 Kf7
43.Ra7+ Re7 44.Ra5 Rb7 45.Nf5 Rb6 46.Ra7+ Kf8 47.Ra8+ Kf7 48.Ra5 Nxb4 49.Rxb5 Rxb5
50.Nd6+ Kg6 51.Nxb5 Nd5 52.Kg2 Nf4+ 53.Kg3 Ne2+ 54.Kf3 Nf4 55.h4 Nd3 56.h5+ Kg7
57.Nd4 Ne5+ 58.Kg3 Nd3 59.f3 Nf4 60.Kf2 Kf7 61.Ke3 Nd5+ 62.Kd3 Nb6 63.Ke4 Nc4
64.Kd5 Nb6+ 65.Kc5 Nd7+ 66.Kd6 Ne5 67.Kd5 Nd3 68.Nb5 Nb4+ 69.Ke4 Nc6 70.Nd6+ Kg7
71.Kd5 Nd8 72.Ne8+ Kf7 73.Nc7 Ke7 74.h6 Nf7 75.h7 Nh8 76.Ne6 Kf7 77.Kd6 Ng6
78.Nd4 Kg7 79.Ke6 Nf8+ 80.Ke7 Ng6+ 81.Ke8 Ne5 82.Ke7 Ng6+ 83.Kd6 Kxh7 84.Ke6 Nh4
85.Kxf6 Kh6 86.Ke5 Kg6 87.Ke6 Ng2 88.Ke5 Nf4 89.Nc6 Nd3+ 90.Ke6 Nf4+ 91.Ke7 Nd5+
92.Kd6 Nf4 93.Ne7+ Kf7 94.Nc6 Kf6 95.Nb4 Nh3 96.Nd5+ Kg6 97.Ke5 Ng1 98.Ke4 Ne2
99.Ke3 Nc1 100.Nb4 Nb3 101.Nd3 Kf6 102.Nf2 Na5 103.Ne4+ Kg6 104.Nd2 Nc6 105.Ke4 Kf6
106.Nc4 Nb4 107.Nd6 Nc2 108.Kd3 Ne1+ 109.Ke4 Nc2 110.Ne8+ Ke7 111.Nc7 Kf6
112.Nd5+ Kg6 113.Nc3 Nb4 114.Nb5 Nc6 115.Nd4 Nb4 116.Ke5 Nd3+ 117.Ke6 Nf4+
118.Ke7 Nd5+ 119.Kd6 Nf4 120.Nc6 Kf6 121.Ne5 Nh3 122.Nd7+ Kf7 123.Ke5 Ng1
124.Ke4 Ne2 125.Nc5 Kf6 126.Ke3 Nf4 127.Ne4+ Kg6 128.Kd4 Ne2+ 129.Ke5 Ng1
130.Nd2 Ne2 131.Ke6 Nf4+ 132.Kd6 Kf6 133.Ne4+ Kg6 134.Nc3 Nd3 135.Nb5 Nf4
136.Nd4 Nd3  1/2-1/2

[Event "Spring Festival"]
[Site "Budapest HUN"]
[Date "2002.03.17"]
[Round "3"]
[White "Boros,De"]
[Black "Letay,G"]
[Result "1-0"]
[WhiteElo "2240"]
[BlackElo "2189"]

1.e4 e5 2.Nf3 Nc6 3.Bb5 a6 4.Ba4 Nf6 5.O-O b5 6.Bb3 Bb7 7.d3 h6 8.a4 b4 9.Nbd2 a5
10.Re1 g6 11.Nc4 d6 12.d4 Qe7 13.c3 bxc3 14.bxc3 Bg7 15.dxe5 Nxe5 16.Nfxe5 dxe5
17.Ba3 c5 18.Nd6+ Kf8 19.Bxc5 Nd7 20.Ba3 Bc6 21.Nb7 Bxb7 22.Bxe7+  1-0

[Event "59th ch-POL"]
[Site "Warsaw POL"]
[Date "2002.05.02"]
[Round "4"]
[White "Tomczak,Raf"]
[Black "Bartel,Mat"]
[Result "0-1"]
[WhiteElo "2384"]
[BlackElo "2417"]

1.e4 e5 2.Nf3 Nc6 3.Bb5 a6 4.Ba4 Nf6 5.O-O b5 6.Bb3 Bb7 7.d4 Bd6 8.Bg5 O-O
9.c3 Re8 10.Nbd2 Qe7 11.Kh1 Nd8 12.Bc2 h6 13.Bh4 exd4 14.e5 Bxe5 15.Re1 d3
16.Bxd3 d6 17.Nd4 Qf8 18.Nf5 Re6 19.Nf3 c5 20.a4 g6 21.Ne3 c4 22.Bc2 Nc6
23.Bxf6 Bxf6 24.Nd5 Rxe1+ 25.Qxe1 Bg7 26.Nc7 Rc8 27.axb5 Rxc7 28.bxc6 Rxc6
29.Be4 Rb6 30.Bxb7 Rxb7 31.Qe2 Qc8 32.h3 Qc6 33.Rd1 d5 34.Nd4 Qb6 35.Rd2 Bxd4
36.Rxd4 Qxb2 37.Qxb2 Rxb2 38.Rxd5 Rb5 39.Rd6 a5 40.Rc6 a4 41.Rxc4 Ra5 42.Rb4 a3
43.Rb1 Kf8 44.Kg1 Ke7 45.Kf1 Kd6 46.Ke2 Kc5 47.Kd3 Rb5 48.Ra1 Rb3 49.f3 Kb5
50.Kd4 Ka4 51.c4 Rb2 52.c5 Rxg2 53.c6 Rc2 54.Kd5 a2 55.Kd6 Kb3 56.c7 Kb2
57.Rd1 a1=Q 58.Rxa1 Kxa1 59.Kd7 g5 60.c8=Q Rxc8 61.Kxc8 f5 62.Kd7 h5 63.Ke6 g4
64.hxg4 fxg4  0-1

[Event "Dutch Team Playoffs"]
[Site "Enschede NED"]
[Date "2002.05.10"]
[Round "2"]
[White "Nijboer,F"]
[Black "Van der Wiel,J"]
[Result "1/2-1/2"]
[WhiteElo "2578"]
[BlackElo "2509"]

1.e4 e5 2.Nf3 Nc6 3.Bb5 a6 4.Ba4 Nf6 5.O-O b5 6.Bb3 Bb7 7.d3 Be7 8.Nc3 O-O
9.a3 d6 10.h3 Qd7 11.Ba2 Rae8 12.Be3 Bd8 13.Rc1 Ne7 14.Ne2 Ng6 15.c4 c6 16.Ng3 d5
17.cxd5 cxd5 18.Nf5 d4 19.Bd2 a5 20.Qe1 Nd5 21.Rc5 Ndf4 22.Bxf4 Nxf4 23.Qd2 Ng6
24.a4 bxa4 25.Bc4 Bb6 26.Bb5 Qe6 27.Rc4 Rc8 28.Rfc1 h6 29.Rxc8 Rxc8 30.Rxc8+ Bxc8
31.Qc2 Kh7 32.Bxa4 Ba6 33.Bb3 Qd7 34.g3 Qc7 35.Qxc7 Bxc7 36.Ne1 Kg8 37.Kf1 Kf8
38.Ke2 Bc8 39.Nc2 Ne7 40.Nxe7 Kxe7 41.h4 f5 42.exf5  1/2-1/2

[Event "9th RUS-chT"]
[Site "Ekaterinburg RUS"]
[Date "2002.05.17"]
[Round "1"]
[White "Smirnov,P"]
[Black "Lastin,A"]
[Result "1/2-1/2"]
[WhiteElo "2510"]
[BlackElo "2619"]

1.e4 e5 2.Nf3 Nc6 3.Bb5 a6 4.Ba4 Nf6 5.O-O b5 6.Bb3 Bb7 7.d3 Bc5 8.a4 O-O
9.Nc3 Na5 10.axb5 Nxb3 11.cxb3 axb5 12.Rxa8 Bxa8 13.Nxe5 d5 14.Bg5 dxe4 15.dxe4 Qxd1
16.Rxd1 b4 17.Bxf6 bxc3 18.bxc3 gxf6 19.Nd7 Bd6 20.Nxf8 Kxf8 21.f3 h5 22.h4 Ke7
23.Ra1 Bc6 24.Ra5 Be5 25.Kf2 Bd7 26.Ke3 Bxc3 27.Rxh5 f5 28.exf5 c5 29.g4 Bb2
30.Rh7 Bc6 31.g5 Bd5 32.g6 Kf8 33.h5 Bxb3 34.h6 Kg8 35.Ke4 Bf6 36.f4 Ba2
37.Rxf7 Bxf7 38.gxf7+ Kxf7 39.Kd5 Bd4 40.Kc4 Kf6 41.Kd5 Kf7 42.Kc4 Ke7 43.Kd5 Kf6
44.Kc4 Ke7 45.Kd5 Kf7 46.Kc4 Kg8 47.f6 Bxf6  1/2-1/2

[Event "IHEM"]
[Site "Hamburg GER"]
[Date "2002.05.20"]
[Round "3"]
[White "Handke,F"]
[Black "Rogozenko,D"]
[Result "1/2-1/2"]
[WhiteElo "2427"]
[BlackElo "2518"]

1.e4 e5 2.Nf3 Nc6 3.Bb5 a6 4.Ba4 Nf6 5.O-O b5 6.Bb3 Bb7 7.Re1 Bc5 8.c3 O-O
9.d4 Bb6 10.Bg5 h6 11.Bxf6 Qxf6 12.Bd5 d6 13.Na3 Rab8 14.Nc2 Rfe8 15.Qd3 Ne7
16.Bxb7 Rxb7 17.Ne3 c6 18.Rad1 Ng6 19.d5 Bxe3 20.Qxe3 c5 21.g3 c4 22.Kg2 Rc8  1/2-1/2

[Event "4th Borowski GMB"]
[Site "Essen GER"]
[Date "2002.05.25"]
[Round "9"]
[White "Fleck,J"]
[Black "Van der Wiel,J"]
[Result "1/2-1/2"]
[WhiteElo "2408"]
[BlackElo "2509"]

1.e4 e5 2.Nf3 Nc6 3.Bb5 a6 4.Ba4 Nf6 5.O-O b5 6.Bb3 Bb7 7.c3 Nxe4 8.d4 Na5
9.Nxe5 Nxb3 10.Qxb3 Nd6 11.c4 bxc4 12.Nxc4 Nxc4 13.Qxb7 Nd6 14.Qf3 Be7 15.Nc3 O-O
16.Bf4 Nb5 17.Rfd1 c6 18.d5 c5 19.Nxb5 axb5 20.Qe2 c4 21.a4 Bg5  1/2-1/2

[Event "IHEM"]
[Site "Hamburg GER"]
[Date "2002.05.25"]
[Round "8"]
[White "Hansen,SuB"]
[Black "Rogozenko,D"]
[Result "1/2-1/2"]
[WhiteElo "2536"]
[BlackElo "2518"]

1.e4 e5 2.Nf3 Nc6 3.Bb5 a6 4.Ba4 Nf6 5.O-O b5 6.Bb3 Bb7 7.Re1 Bc5 8.c3 d6
9.d4 Bb6 10.Be3 O-O 11.Nbd2 h6 12.h3 exd4 13.cxd4 Nb4 14.Qb1 c5 15.a3 Nc6
16.d5 Ne7 17.Nf1 Nd7 18.Ng3 c4 19.Bc2 Bxe3 20.Rxe3 f5 21.Nxf5 Nxf5 22.exf5 Bxd5
23.Nd4 Qf6 24.Qd1 Bf7 25.Qd2 Rae8 26.Rae1 Rxe3 27.Rxe3 Re8  1/2-1/2

[Event "Sigeman & Co Malmoe SWE"]
[Site "Malmoe SWE"]
[Date "2002.06.11"]
[Round "6"]
[White "Wedberg,T"]
[Black "Hector,J"]
[Result "1/2-1/2"]
[WhiteElo "2540"]
[BlackElo "2513"]

1.e4 e5 2.Nf3 Nc6 3.Bb5 a6 4.Ba4 Nf6 5.O-O b5 6.Bb3 Bb7 7.Re1 Bc5 8.c3 d6
9.d4 Bb6 10.Be3 O-O 11.Nbd2 h6 12.h3 Re8 13.Qb1 Nb8 14.Bc2 Nbd7 15.a4 d5
16.dxe5 Bxe3 17.Rxe3 Nxe5 18.Nxe5 dxe4 19.axb5 Qxd2 20.bxa6 Rxa6 21.Rxa6 Bxa6
22.Ng4 Nxg4 23.hxg4 Bb7 24.Bxe4 Bxe4 25.Rxe4 Rxe4 26.Qxe4 Qxb2 27.Qe8+ Kh7
28.Qe4+ Kg8 29.Qe5 Qb8  1/2-1/2

[Event "6th Open"]
[Site "Voronezh RUS"]
[Date "2002.06.20"]
[Round "8"]
[White "Aagaard,J"]
[Black "Potapov,A1"]
[Result "1/2-1/2"]
[WhiteElo "2356"]
[BlackElo "2498"]

1.e4 e5 2.Nf3 Nc6 3.Bb5 a6 4.Ba4 Nf6 5.O-O b5 6.Bb3 Bb7 7.c3 Nxe4 8.d4 Na5
9.Bc2 exd4 10.b4 Nc4 11.Bxe4 Bxe4 12.Re1 d5 13.Nxd4 c5 14.bxc5 Bxc5 15.f3 O-O
16.fxe4 dxe4 17.Rxe4 Qd5 18.Rh4 Rad8 19.Nd2 Ne3 20.Qf3 Nf5 21.Qxd5 Rxd5 22.Rh5 Re8
23.Ba3 Bb6 24.Rf1 g6 25.Rfxf5 Rxf5 26.Rxf5 gxf5 27.Kf1 Re3 28.Nxf5 Re5 29.Ne7+ Kg7
30.Nf3 Re4 31.Nd5 Bd8 32.Bc5 Bf6 33.Nxf6 Kxf6 34.Bd4+ Kf5 35.Nd2 Re6 36.Nb3 Rh6
37.Nc5 Rxh2 38.Nxa6 Rh1+ 39.Bg1 Ke4 40.a4 bxa4 41.Nc5+ Kd5 42.Nxa4 Kc4 43.g3 Kb3
44.Nb6 Kxc3 45.Nd5+ Kd3 46.Kg2 Rh6 47.Kf3 Rd6 48.Nf4+ Kc4  1/2-1/2

[Event "13th Open"]
[Site "Ljubljana SLO"]
[Date "2002.06.23"]
[Round "2"]
[White "Kutuzovic,B"]
[Black "Osolin,B"]
[Result "0-1"]
[WhiteElo "2406"]
[BlackElo "2166"]

1.e4 e5 2.Nf3 Nc6 3.Bb5 a6 4.Ba4 Nf6 5.O-O b5 6.Bb3 Bb7 7.Re1 Bc5 8.c3 d6
9.d4 Bb6 10.Be3 O-O 11.Nbd2 exd4 12.cxd4 Nb4 13.Qb1 c5 14.a3 Nc6 15.d5 Ne7
16.h3 Ng6 17.Nf1 Re8 18.Ng3 Bc8 19.Bc2 Bd7 20.Qd1 Qc7 21.Bg5 Kh8 22.Bxf6 gxf6
23.Nh5 Qd8 24.Qd2 Rg8 25.Kh2 Qe7 26.Qh6 Bd8 27.Ng3 Qf8 28.Qd2 Qg7 29.Nh5 Qf8
30.Rad1 Ne5 31.Ng1 Rg5 32.Ng3 Qg7 33.Qf4 Be7 34.Nf3 Nxf3+ 35.Qxf3 Rg8 36.Bd3 f5
37.exf5 Bf6 38.Bf1 Be5 39.f6 Bxf6 40.Kh1 Be5 41.Ne4 Rg6 42.b3 Bxh3 43.Qxh3 Rh6
44.g3 f5  0-1

[Event "ch-SWE"]
[Site "Skara SWE"]
[Date "2002.06.30"]
[Round "1"]
[White "Berg,E"]
[Black "Barkhagen,J"]
[Result "1/2-1/2"]
[WhiteElo "2503"]
[BlackElo "2455"]

1.e4 e5 2.Nf3 Nc6 3.Bb5 a6 4.Ba4 Nf6 5.O-O b5 6.Bb3 Bb7 7.d4 Nxd4 8.Bxf7+ Kxf7
9.Nxe5+ Kg8 10.Qxd4 Qe8 11.Re1 c5 12.Qc3 Nxe4 13.Qb3+ d5 14.Nf3 Qf7 15.c3 Bc6
16.Be3 Re8 17.Nbd2 h6 18.Nxe4 Rxe4 19.a4 c4 20.Qc2 bxa4 21.Bd4 Bd6 22.Be5 Bc5
23.Bd4 Bd6 24.Be5 Bc5 25.Bg3 Qf5 26.Rxe4 dxe4 27.Ne5 Bb5 28.Re1 Kh7 29.Rxe4 Rd8
30.h3 a3 31.bxa3 Bxa3 32.Qe2 Re8 33.Rd4 Be7 34.Kh2 Bf6 35.Rd5 Kg8 36.f4 Rd8
37.Rxd8+ Bxd8 38.Qd2 Bf6 39.Qd5+ Kh7 40.Qf7 Qe4 41.Qe6 a5 42.Qb6 Bxe5 43.fxe5 Bc6
44.Qf2 a4 45.e6 Qxe6 46.Qc2+ Kg8 47.Bf4 a3 48.Bc1 Qd6+ 49.Kg1 Kh8 50.Kf2 Qh2
51.Qg6 Bxg2 52.Qxg2 Qxg2+ 53.Kxg2 a2 54.Bb2 g5 55.Kf3 Kh7 56.Ke4 Kg6 57.Kd4 h5
58.Ke4 Kf6 59.Ba1 Ke6 60.Bb2 Kf6 61.Ba1 Ke6 62.Bb2 Kf6  1/2-1/2

[Event "ch-SWE"]
[Site "Skara SWE"]
[Date "2002.07.01"]
[Round "2"]
[White "Ernst,T"]
[Black "Hector,J"]
[Result "0-1"]
[WhiteElo "2471"]
[BlackElo "2513"]

1.e4 e5 2.Nf3 Nc6 3.Bb5 a6 4.Ba4 Nf6 5.O-O b5 6.Bb3 Bb7 7.c3 Nxe4 8.d4 Na5
9.Bc2 exd4 10.b4 Nc4 11.Bxe4 Bxe4 12.Re1 d5 13.Qxd4 Be7 14.Qxg7 Kd7 15.Qxf7 Qe8
16.Qxe8+ Raxe8 17.Nbd2 Bxf3 18.Nxc4 Bxb4 19.Bb2 Rhg8 20.Rxe8 Kxe8 21.Re1+ Kd8
22.g3 Bxc3 23.Bxc3 bxc4 24.Bf6+ Kd7 25.Re3 Be4 26.Ra3 Rf8 27.Rxa6 Rxf6 28.Rxf6 c3
29.Rf7+ Kc8 30.Rf6 d4  0-1

[Event "3rd Stage Russian Cup"]
[Site "Tomsk RUS"]
[Date "2002.07.09"]
[Round "2"]
[White "Katalymov,B"]
[Black "Saveljev,V"]
[Result "0-1"]
[WhiteElo "2401"]
[BlackElo "2265"]

1.e4 e5 2.Nf3 Nc6 3.Bb5 a6 4.Ba4 Nf6 5.O-O b5 6.Bb3 Bb7 7.d4 Nxd4 8.Nxd4 exd4
9.e5 Ne4 10.c3 dxc3 11.Qf3 Qe7 12.Nxc3 Nc5 13.Nd5 Bxd5 14.Bxd5 Rb8 15.Be3 Ne6
16.Ba7 Rd8 17.Rac1 g6 18.Bxe6 Qxe6 19.Rxc7 Bg7 20.Bc5 Bxe5 21.Rb7 d6 22.Qc6+ Kf8
23.Ba3 Kg7 24.Qxa6 Qxa2 25.Qxb5 Rhe8 26.g3 Bf6 27.Rc1 Re7 28.Rb6 Re5 29.Qa6 Qe6
30.Qd3 Rd5 31.Qc2 Qh3 32.Qe4 Re5 33.Qg2 Qe6 34.Rf1 Re2 35.Qf3 Bd4 36.Rb7 Bf6
37.Rd1 Re8 38.Rxd6 Qe5 39.Rxf6 Qxf6 40.Bf8+ Rxf8 41.Qxe2 Rc8 42.Rb3 Rc1+
43.Kg2 Qc6+ 44.Qf3 Qc4 45.Rd3 Rb1 46.Qe2 Qc6+ 47.f3 Qb6 48.Rd2 Rg1+ 49.Kh3 Qa5
50.g4 Qg5 51.Qg2 Rxg2 52.Rxg2 Qf4 53.Rf2 Kf6 54.Kg2 Kg5 55.Re2 Qd4 56.Kg3 Qd6+
57.Kg2 f5 58.gxf5 gxf5 59.Rc2 Qd3 60.Rf2 Kf4 61.Rf1 Qd2+ 62.Rf2 Qc1 63.Re2 Qd1
64.Rf2 Ke3 65.b4 Qb1 66.f4 Qxb4 67.Rf3+ Ke4 68.Rf2 Qe1 69.h3 Ke3 70.Rf1 Qxf1+
71.Kxf1 Kxf4 72.Kf2 h6  0-1

[Event "Open Championships"]
[Site "Paris FRA"]
[Date "2002.07.12"]
[Round "7"]
[White "Chomet,P"]
[Black "Carrasco,Pat"]
[Result "1-0"]
[WhiteElo "2376"]
[BlackElo "2208"]

1.e4 e5 2.Nf3 Nc6 3.Bb5 a6 4.Ba4 Nf6 5.O-O b5 6.Bb3 Bb7 7.d3 Bd6 8.a3 O-O
9.Nc3 h6 10.Ne2 Na5 11.Ba2 c5 12.Ng3 Re8 13.Nh4 Bf8 14.Nhf5 d5 15.Qf3 c4
16.Rd1 Rc8 17.Be3 d4 18.Bd2 Rc6 19.Qe2 Bc8 20.Bxa5 Qxa5 21.dxc4 Qc7 22.cxb5 Rxc2
23.Qf3 Nh7 24.b6 Qd7 25.Rac1 Rxb2 26.Rc7 Ng5 27.Qh5 Qxc7 28.bxc7 Rxa2 29.h4 Ne6
30.Qg4 Kh7 31.Nh5 Rc2 32.Rd3 Rc3 33.Rg3 Rxg3 34.fxg3 Bd7 35.Nfxg7 Bxg7 36.Nxg7 Nxg7
37.Qxd7  1-0

[Event "ch-SWE"]
[Site "Skara SWE"]
[Date "2002.07.12"]
[Round "11"]
[White "Berg,E"]
[Black "Ernst,T"]
[Result "1-0"]
[WhiteElo "2503"]
[BlackElo "2471"]

1.e4 e5 2.Nf3 Nc6 3.Bb5 a6 4.Ba4 Nf6 5.O-O b5 6.Bb3 Bb7 7.Re1 Bc5 8.c3 d6
9.d4 Bb6 10.Be3 O-O 11.Nbd2 Qe7 12.h3 Rad8 13.Bc2 h6 14.a3 Rfe8 15.Qe2 d5
16.dxe5 Nxe5 17.Bxb6 cxb6 18.Nxe5 Qxe5 19.Nf3 Qf4 20.e5 Ne4 21.Rad1 f6 22.exf6 Qxf6
23.Qd3 Rf8 24.Qd4 Qxd4 25.Rxd4 Rc8 26.Bxe4 dxe4 27.Ne5 Rf6 28.Ng4 Rg6 29.Red1 h5
30.Ne3 Rf8 31.Rd6 Rxd6 32.Rxd6 Rf6 33.Rxf6 gxf6 34.Kh2 Kf7 35.Kg3 Kg6 36.Kf4 Bc6
37.Nf5 Bd7 38.Ne3 Bc6 39.h4 a5 40.Nf5 Bd7 41.Nd4 f5 42.Ke5  1-0

[Event "XVIII Open"]
[Site "Ferrol ESP"]
[Date "2002.07.22"]
[Round "6"]
[White "Luther,T"]
[Black "Salgado Lopez,I"]
[Result "1-0"]
[WhiteElo "2551"]
[BlackElo "2163"]

1.e4 e5 2.Nf3 Nc6 3.Bb5 a6 4.Ba4 Nf6 5.O-O b5 6.Bb3 Bb7 7.d3 Bc5 8.Nc3 d6
9.a3 O-O 10.Ne2 h6 11.Ng3 Ne7 12.Nh4 Kh7 13.Be3 Bxe3 14.fxe3 d5 15.Rxf6 gxf6
16.Qh5 f5 17.Nhxf5 Nxf5 18.Qxf5+ Kh8 19.Qxe5+ Kg8 20.Nf5 Qg5 21.h4  1-0

[Event "KB Czech Open"]
[Site "Pardubice CZE"]
[Date "2002.07.24"]
[Round "6"]
[White "Saravanan,V"]
[Black "Potapov,A1"]
[Result "1/2-1/2"]
[WhiteElo "2385"]
[BlackElo "2515"]

1.e4 e5 2.Nf3 Nc6 3.Bb5 a6 4.Ba4 Nf6 5.O-O b5 6.Bb3 Bb7 7.Re1 Bc5 8.c3 d6
9.d4 Bb6 10.Be3 O-O 11.Nbd2 h6 12.h3 Re8 13.Qb1 Nd7 14.Nf1 Na5 15.Bc2 Nc4
16.Bc1 d5 17.b3 dxe4 18.Bxe4 Bxe4 19.Qxe4 Nd6 20.Qc2 e4 21.N3h2 Qh4 22.Ba3 Rad8
23.g3 Qxh3 24.Bxd6 cxd6 25.Rxe4 Nf6 26.Rh4 Qe6 27.Nf3 Qd5 28.Qd3 Rc8 29.N1d2 Ba5
30.c4 bxc4 31.Nxc4 Bd8 32.Rf4 g5 33.Rf5 Qe4 34.Qxe4 Nxe4 35.Re1 Bc7 36.Re3 Kg7
37.Nfe5 dxe5 38.Rxe4 exd4 39.Rxd4 Rcd8 40.Rxd8 Re1+ 41.Kg2 Bxd8 42.Rd5 Be7
43.g4 Re2 44.a3 Bf8 45.Ra5 Re6 46.b4 f6 47.Kf3 Kg6 48.Rd5 Be7 49.Ne3 Rc6
50.Rd7 Bf8 51.Rd8 Kf7 52.Ra8 Bd6 53.Nf5 Be5 54.Ke4 Ke6 55.Re8+ Kd7 56.Re7+ Kd8
57.Kd5 Rc3 58.a4 Rb3 59.Rb7 a5 60.Kc4 Rc3+ 61.Kd5 Kc8 62.Rb5 axb4 63.Rxb4 Rf3
64.Nxh6 Rxf2 65.Nf5 Kd7 66.Rb7+ Kc8 67.Rb4 Kc7 68.Ke6 Kc6 69.Rc4+ Kb6 70.Ne7 Rf3
71.Nd5+ Ka5 72.Ke7 Ba1 73.Ke6 Bb2 74.Ke7 f5 75.gxf5 Rxf5 76.Ke6 Re5+ 77.Kd6 Re1
78.Rc5+ Kxa4 79.Nb6+ Kb3 80.Rxg5 Ba3+  1/2-1/2

[Event "Wismilak It"]
[Site "Surabaya IND"]
[Date "2002.07.24"]
[Round "5"]
[White "Hamdani,R"]
[Black "Zaw Win Lay"]
[Result "0-1"]
[WhiteElo "2375"]
[BlackElo "2531"]

1.e4 e5 2.Nf3 Nc6 3.Bb5 a6 4.Ba4 Nf6 5.O-O b5 6.Bb3 Bb7 7.Ng5 d5 8.exd5 Nd4
9.Re1 Bd6 10.d3 O-O 11.Nc3 Nxb3 12.axb3 Nxd5 13.Qf3 c6 14.Qf5 g6 15.Qh3 h5
16.Nce4 Bc8 17.Qg3 Bc7 18.Nf3 Bf5 19.Bg5 f6 20.Bh6 Rf7 21.Nh4 Qc8 22.Bd2 Kg7
23.c4 bxc4 24.bxc4 Nf4 25.d4 Bxe4 26.Rxe4 Qg4 27.dxe5 fxe5 28.Bc3 Rd8 29.f3 Qxg3
30.hxg3 Nd3 31.f4 Bb6+ 32.Kf1 Bd4 33.Nf3 Bxc3 34.bxc3 Rb8 35.fxe5 g5 36.g4 Nc5
37.Rd4 Nb3 38.Rad1 Nxd4 39.Rxd4 hxg4  0-1

[Event "6th Open"]
[Site "Genova ITA"]
[Date "2002.08.09"]
[Round "8"]
[White "Isonzo,D"]
[Black "Ferretti,F"]
[Result "1/2-1/2"]
[WhiteElo "2337"]
[BlackElo "2279"]

1.e4 e5 2.Nf3 Nc6 3.Bb5 a6 4.Ba4 Nf6 5.O-O b5 6.Bb3 Bb7 7.d4 Nxd4 8.Nxd4 exd4
9.e5 Ne4 10.c3 d3 11.Qxd3 Bc5 12.Bd5 Bxf2+ 13.Rxf2 Nxf2 14.Kxf2 Qh4+ 15.Kf1 Bxd5
16.Qxd5 O-O 17.h3 d6 18.Nd2 Rad8 19.Nf3 dxe5 20.Qxe5 Rd1+ 21.Ke2 Qd8 22.Kf2 Re8
23.Qf4  1/2-1/2

[Event "22nd Open"]
[Site "Bratto ITA"]
[Date "2002.08.24"]
[Round "5"]
[White "Belotti,B"]
[Black "Menoni,V"]
[Result "1/2-1/2"]
[WhiteElo "2430"]
[BlackElo "2228"]

1.e4 e5 2.Nf3 Nc6 3.Bb5 a6 4.Ba4 Nf6 5.O-O b5 6.Bb3 Bb7 7.Re1 Bc5 8.c3 d6
9.d4 Bb6 10.a4 h6 11.axb5 axb5 12.Rxa8 Qxa8 13.Na3 O-O 14.Nxb5 Na5 15.Be3 Nxb3
16.Qxb3 Bxe4 17.dxe5 Bxf3 18.gxf3 Bxe3 19.exf6 Bb6 20.fxg7 Kxg7 21.c4 Re8
22.Qc3+ Kg8 23.Rxe8+ Qxe8 24.Kf1 Qe6 25.f4 Qe4 26.Qg3+ Kf8 27.b3 Qh1+ 28.Ke2 Qe4+
29.Kf1 Qh1+ 30.Ke2 Qe4+  1/2-1/2

[Event "ch-Arab"]
[Site "Casablanca MAR"]
[Date "2002.08.26"]
[Round "1"]
[White "Al Modiahki,M"]
[Black "Asabri,Hu"]
[Result "1-0"]
[WhiteElo "2523"]
[BlackElo "2326"]

1.e4 e5 2.Nf3 Nc6 3.Bb5 a6 4.Ba4 Nf6 5.O-O b5 6.Bb3 Bb7 7.c3 Nxe4 8.d4 Na5
9.Nxe5 Nxb3 10.Qxb3 Nd6 11.Qd1 Bd5 12.Re1 Be7 13.Qg4 f6 14.Qh5+ g6 15.Nxg6 Bf7
16.Nxe7 Bxh5 17.Nc6+ Kf7 18.Nxd8+ Raxd8 19.Bf4 Nc4 20.b3 Rde8 21.Rxe8 Rxe8
22.f3 Nb2 23.Nd2 d6 24.Ne4 Bg6 25.Ng3 h5 26.h4 Nd3 27.Bd2 d5 28.a4 c6 29.axb5 axb5
30.f4 f5 31.Kf1 Kf6 32.Ne2 Re4 33.g3 Re6 34.Ng1 c5 35.Nf3 c4 36.b4 Be8 37.Ne5 Nxe5
38.dxe5+ Ke7 39.Ra7+ Bd7 40.Ke2 Rg6 41.Be1 Kd8 42.Ke3 Bc8 43.Kd4 Ba6 44.Rh7 Bc8
45.Rxh5 Ra6 46.Kxd5 Ra1 47.Bf2 Bb7+ 48.Kd6 Ra6+ 49.Kc5 Ra2 50.Bd4 Rd2 51.Kd6 Ke8
52.Rh8+ Kf7 53.e6+ Kg6 54.h5+  1-0

[Event "5th Pyramiden-Franken Cup"]
[Site "Fuerth GER"]
[Date "2002.09.06"]
[Round "7"]
[White "Jens,J"]
[Black "Hector,J"]
[Result "1/2-1/2"]
[WhiteElo "2369"]
[BlackElo "2562"]

1.e4 e5 2.Nf3 Nc6 3.Bb5 a6 4.Ba4 Nf6 5.O-O b5 6.Bb3 Bb7 7.c3 Nxe4 8.d4 Na5
9.Nxe5 Nxb3 10.Qxb3 Nd6 11.c4 f6 12.c5 fxe5 13.cxd6 cxd6 14.Re1 Qf6 15.dxe5 dxe5
16.Nc3 Rc8 17.f4 Bc5+ 18.Be3 Qc6 19.Nd5 Qxd5 20.Qxd5 Bxe3+ 21.Rxe3 Bxd5 22.Rxe5+ Be6
23.f5 Ke7 24.fxe6 dxe6 25.Rae1 Rc6 26.Kf2 Rf8+ 27.Ke3 Rc4 28.Re2 Rfc8 29.Kd3 R8c6
30.R5e4 Rc1 31.Rh4 h6 32.Rg4 g5 33.h4 R6c4 34.Rxc4 Rxc4 35.hxg5 hxg5 36.b3 Rg4
37.Ke3 Kd6 38.Rc2 a5 39.Kf3 Rf4+ 40.Ke3 Kd5 41.Rc8 a4 42.bxa4 Rxa4 43.Rc2 Ra3+
44.Ke2 b4 45.Rd2+ Kc4 46.Rc2+ Rc3 47.Rb2 Kb5 48.Kf2 Ka4 49.Re2 Ka3 50.g4 Rd3
51.Kg2 Rd1 52.Kf3 Rf1+ 53.Kg3 Ra1 54.Rxe6 Kxa2 55.Re5 b3 56.Rxg5 b2 57.Rb5 b1=Q
58.Rxb1 Rxb1 59.Kf4 Kb3 60.g5 Kc4 61.Ke5 Rg1 62.Kf6 Kd5 63.g6 Kd6 64.g7 Rf1+
65.Kg6 Ke7  1/2-1/2

[Event "TCh-CRO"]
[Site "Medulin CRO"]
[Date "2002.09.14"]
[Round "6"]
[White "Kutuzovic,B"]
[Black "Pavasovic,D"]
[Result "1/2-1/2"]
[WhiteElo "2398"]
[BlackElo "2568"]

1.e4 e5 2.Nf3 Nc6 3.Bb5 a6 4.Ba4 Nf6 5.O-O b5 6.Bb3 Bb7 7.c3 Nxe4 8.d4 Na5
9.Nxe5 Nxb3 10.Qxb3 Qf6 11.f3 Nc5 12.Ng4 Nxb3 13.Nxf6+ Ke7 14.Bg5 Ke6 15.axb3 gxf6
16.Bf4 Rc8 17.c4 Kf5 18.g3 Bb4 19.Kf2 Rhe8 20.Bd2 Bd6 21.c5 Bf8 22.b4 d6
23.Nc3 Rcd8 24.Be3 Rd7 25.Rfe1 Kg6 26.Ne2 Bh6 27.Bxh6 Kxh6 28.Rec1 dxc5 29.bxc5 Bd5
30.Nf4 Bc4 31.Rd1 b4 32.Rac1 Bd5 33.Nxd5 Rxd5 34.Rc4 a5 35.Ra1 Ra8 36.Ke3 Rdd8
37.Ke4 c6 38.b3  1/2-1/2